| 000 | 00708nam a2200193Ii 4500 | ||
|---|---|---|---|
| 003 | JO-AjNU | ||
| 008 | 230605s9999||||xx |||||||||||||| ||und|| | ||
| 040 |
_aJO-AjNU _bara _erda _cJO-AjNU |
||
| 041 | _aara | ||
| 050 | 1 | 4 | _aBP145 |
| 100 | 3 |
_aنوفل، يوسف يونس/تقديم احمد عبد الغفار،محمد مختار البديوي, _eauthor _98043 |
|
| 245 | 0 | 0 | _aالبيئة الاجتماعية بسمة عالية مودتها ايمانية |
| 264 | 3 | 1 | _aالمنصورة:جزيرة الورد،1900 |
| 300 | _a80ص | ||
| 336 |
_atext _btxt _2rdacontent |
||
| 337 |
_aunmediated _bn _2rdamedia |
||
| 338 |
_avolume _bnc _2rdacarrier |
||
| 650 | 4 |
_aالبيئة الاجتماعية _98044 |
|
| 999 |
_aA587 _c4155 _d4155 |
||